000 00722nam a2200157 a 4500
008 120416s1978 ||||||||||||||||| || u
050 _aNA 2540 Dec
100 _aDe Chiara, Joseph
245 1 0 _aSite planning standards
260 _aNew York
_bMcGraw-Hill
_c1978
300 _aix, 351p. : ill.
350 _a0.00
995 _aREFERENCE BOOKS
_D0.00
_e716515
_FCBU-MAIN LIBRARY (Kitwe)
_H3
_I0.00
_jNA 2540 Dec
_M3
_UREFERENCE
_y022873
_ZReference Collection
995 _aREFERENCE BOOKS
_D0.00
_e704581
_FCBU-MAIN LIBRARY (Kitwe)
_H1
_I0.00
_jNA 2540 Dec
_M1
_UREFERENCE
_y022871
_ZReference Collection
995 _aREFERENCE BOOKS
_D0.00
_e704580
_FCBU-MAIN LIBRARY (Kitwe)
_H2
_I0.00
_jNA 2540 Dec
_M2
_UREFERENCE
_y022872
_ZReference Collection
999 _c76523
_d76523